000 01747nam0a2200349 4500
001 RU\NLR\bibl\322116
005 20260407080541.0
021 _aRU
_b2002-31027
_91538
035 _a(NLR Aleph) 000317146
090 _a74080
_c74080
100 _a20021008d2001 |||y0rusy50 ca
101 0 _arus
102 _aRU
105 _ay |||||||||
200 1 _aАпитерапия в стоматологии, оториноларингологии, офтальмологии, хирургии, дерматологии, косметологии, спортивной медицине
_e[Сб. науч. ст.]
_fМ-во сел. хоз-ва и продовольствия Респ. Башкортостан, Гос. учреждение-Башк. науч.-исслед. центр по пчеловодству и апитерапии
_g[Редкол.: А. М. Ишемгулов и др.]
210 _aУфа
_cАДИ
_d2001
215 _a127 с.
_d21
320 _aБиблиогр.: с. 126-127
606 0 _aАпитерапия
_jСборники
_91016626
_3RU\NLR\auth\6670158
610 0 _aПчеловодство - Продукты - Лечебное применение
675 _a616:615.324
_v3
_zrus
686 _a76.03
_2rugasnti
686 _a52.5
_2rubbk
686 _aР353.22я43
702 1 _aИшемгулов
_bА. М.
_gАмир Минниахметович
_4340
712 0 2 _4570
_aБашкирский научно-исследовательский центр по пчеловодству и апитерапии
_cУфа
_3RU\NLR\AUTH\8810040923
_9581043
801 0 _aRU
_bRKP
_c20021008
_gPSBO
801 1 _aRU
_bRKP
_c20021008
801 2 _aRU
_bNLR
_c20040909
_grcr
942 _cBOOK
980 _aNB